MARC details
| 000 -LÍDER |
| Campo de controle fixo |
01376nam a22004577a 4500 |
| 001 - NÚMERO DE CONTROLE |
| Número de controle |
BR2024001514 |
| 003 - CÓDIGO MARC DA AGÊNCIA CATALOGADORA |
| Campo de controle |
BR-BrBNA |
| 005 - DATA E HORA DA ÚLTIMA ATUALIZAÇÃO |
| Campo de controle |
20240529165850.0 |
| 008 - CAMPO DE TAMANHO FIXO |
| Campo fixo de controle |
240529b bl.||||| |||| 00| 0 por d |
| 040 ## - FONTE DA CATALOGAÇÃO |
| Agência catalogadora |
BR-BrBNA |
| Idioma da catalogação |
por |
| 041 ## - CÓDIGO DO IDIOMA |
| Código do Idioma |
por |
| 072 ## - CATEGORIA AGRIS |
| Código da categoria de assunto/objeto |
<a href="M12 ; D50 ; E50">M12 ; D50 ; E50</a> |
| Código do objeto |
8310 |
| 090 ## - NÚMERO DE CHAMADA |
| Localização na estante |
8310 BR2024001514 |
| 100 0# - ENTRADA PRINCIPAL - NOME PESSOAL |
| Nome pessoal |
Araújo, Rogério César Pereira de |
| 100 0# - ENTRADA PRINCIPAL - NOME PESSOAL |
| Nome pessoal |
Magalhães, Flávia Castelo Batista |
| 100 0# - ENTRADA PRINCIPAL - NOME PESSOAL |
| Nome pessoal |
Leite, Djane Alcântara Barbosa |
| 100 0# - ENTRADA PRINCIPAL - NOME PESSOAL |
| Nome pessoal |
Alencar, Paulo Emerson Dias de |
| 110 ## - ENTRADA PRINCIPAL - ENTIDADE |
| Nome da entidade ou lugar |
Universidade Federal do Ceará, Fortaleza (Brasil) |
| 245 ## - TÍTULO PRINCIPAL |
| Título principal |
Análise dos impactos sociais, do arcabouço institucional e legal, e dos conflitos socioambientais da carcinicultura |
| 260 ## - IMPRENTA (PUBLICAÇÃO, DISTRIBUIÇÃO, ETC.) |
| Lugar de publicação, distribuição, etc. |
Fortaleza, CE (Brasil) |
| Data de publicação, distribuição, etc |
2007 |
| 300 ## - DESCRIÇÃO FÍSICA |
| Extensão |
195 p. |
| 500 ## - NOTA GERAL |
| Notas gerais |
Anexos (eng, por); 31 ref.; 6 illus.; 37 tables |
| 650 ## - ASSUNTO - THESAGRO |
| Cabeçalho tópico ou nome geográfico |
CARCINICULTURA |
| 650 ## - ASSUNTO - THESAGRO |
| Cabeçalho tópico ou nome geográfico |
CAMARÃO |
| 650 ## - ASSUNTO - THESAGRO |
| Cabeçalho tópico ou nome geográfico |
MANGUE |
| 650 ## - ASSUNTO - THESAGRO |
| Cabeçalho tópico ou nome geográfico |
NORDESTE |
| 650 ## - ASSUNTO - THESAGRO |
| Cabeçalho tópico ou nome geográfico |
IMPACTO AMBIENTAL |
| 650 ## - ASSUNTO - THESAGRO |
| Cabeçalho tópico ou nome geográfico |
IMPACTO SOCIAL |
| 650 ## - ASSUNTO - THESAGRO |
| Cabeçalho tópico ou nome geográfico |
IMPACTO ECONÔMICO |
| 650 ## - ASSUNTO - THESAGRO |
| Cabeçalho tópico ou nome geográfico |
ECOSSISTEMA |
| 650 ## - ASSUNTO - THESAGRO |
| Cabeçalho tópico ou nome geográfico |
PLANEJAMENTO |
| 650 ## - ASSUNTO - THESAGRO |
| Cabeçalho tópico ou nome geográfico |
ZONEAMENTO |
| 650 ## - ASSUNTO - THESAGRO |
| Cabeçalho tópico ou nome geográfico |
ASSISTÊNCIA TÉCNICA |
| 650 ## - ASSUNTO - THESAGRO |
| Cabeçalho tópico ou nome geográfico |
EXTENSÃO RURAL |
| 650 ## - ASSUNTO - THESAGRO |
| Cabeçalho tópico ou nome geográfico |
SOCIOLOGIA RURAL |
| 650 ## - ASSUNTO - THESAGRO |
| Cabeçalho tópico ou nome geográfico |
TECNOLOGIA |
| 650 ## - ASSUNTO - THESAGRO |
| Cabeçalho tópico ou nome geográfico |
SEGURANÇA ALIMENTAR |
| 650 ## - ASSUNTO - THESAGRO |
| Cabeçalho tópico ou nome geográfico |
LEGISLAÇÃO |
| 909 ## - IDENTIFICAÇÃO DO CATALOGADOR |
| Ano e mês da catalogação (aaaamm) |
202405 |
| Identificação do catalogador |
Fernando |
| 942 ## - TIPO ESPECÍFICO |
| Tipo de material |
Livros |
| 952 ## - LOCATION AND ITEM INFORMATION (KOHA) |
| -- |
2024-05-29 |